| 000 | 00381nam a22001697a 4500 | ||
|---|---|---|---|
| 003 | OSt | ||
| 008 | 240411b |||||||| |||| 00| 0 eng d | ||
| 020 | _a9789355510266 | ||
| 082 | _a005.74 CHI | ||
| 100 | _aCHAVAN,Hariram | ||
| 245 | _aIntroduction to DBMS | ||
| 250 | _a1st Ed | ||
| 260 |
_aNew Delhi _bBPB _c2023 |
||
| 300 | _a261 | ||
| 700 | _aSHAIKH,Sana | ||
| 942 |
_2ddc _cBK |
||
| 999 |
_c12442 _d12442 |
||